Statistics for Charmed Episodes

Click here to take the quiz!

General Stats

  • This quiz has been taken 12 times
  • The average score is 81 of 178

Answer Stats

HintAnswer% Correct
S01E01Something Wicca This Way Comes
86%
S01E12The Wendigo
86%
S08E06Kill Billie Vol. 1
71%
S08E21Kill Billie Vol. 2
71%
S04E17Saving Private Leo
71%
S01E14Secrets and Guys
71%
S01E03Thank You for Not Morphing
71%
S01E08The Truth Is Out There… and It Hurts
71%
S04E06A Knight to Remember
57%
S03E04All Halliwell's Eve
57%
S03E22All Hell Breaks Loose
57%
S02E13Animal Pragmatism
57%
S04E10A Paige from the Past
57%
S02E21Apocalypse, Not
57%
S02E20Astral Monkey
57%
S02E12Awakened
57%
S02E22Be Careful What You Witch For
57%
S04E08Black as Cole
57%
S04E07Brain Drain
57%
S03E13Bride and Gloom
57%
S04E01Charmed Again Part 1
57%
S04E02Charmed Again Part 2
57%
S04E13Charmed and Dangerous
57%
S02E18Chick Flick
57%
S01E04Dead Man Dating
57%
S01E22Deja Vu All Over Again
57%
S03E20Exit Strategy
57%
S02E19Ex Libris
57%
S08E22Forever Charmed
57%
S01E13From Fear to Eternity
57%
S08E17Generation Hex
57%
S02E15Give Me A Sign
57%
S08E20Gone With The Witches
57%
S02E17How to Make a Quilt Out of Americans
57%
S01E15Is There a Woogy in the House?
57%
S01E02I've Got You Under My Skin
57%
S03E15Just Harried
57%
S04E20Long Live the Queen
57%
S03E21Look Who's Barking
57%
S01E21Love Hurts
57%
S03E02Magic Hour
57%
S04E15Marry-Go-Round
57%
S02E02Morality Bites
57%
S02E16Murphy's Luck
57%
S01E19Out of Sight
57%
S02E08P3 H2O
57%
S02E14Pardon My Past
57%
S03E07Power Outage
57%
S03E17Pre-Witched
57%
S03E06Primrose Empath
57%
S03E18Sin Francisco
57%
S04E05Size Matters
57%
S05E07Sympathy for the Demon
57%
S01E17That '70s Episode
57%
S02E06That Old Black Magic
57%
S03E19The Demon Who Came in from the Cold
57%
S02E04The Devil's Music
57%
S05E06The Eyes Have It
57%
S01E07The Fourth Sister
57%
S03E14The Good, the Bad and the Cursed
57%
S01E20The Power of Two
57%
S07E16The Seven Year Witch
57%
S04E14The Three Faces of Phoebe
57%
S08E18The Torn Identity
57%
S01E06The Wedding from Hell
57%
S01E09The Witch Is Back
57%
S04E11Trial by Magic
57%
S03E10We All Scream for Ice Cream
57%
S04E19We're Off to See the Wizard
57%
S01E16Which Prue Is It, Anyway?
57%
S01E10Wicca Envy
57%
S05E05Witches in Tights
57%
S02E01Witch Trial
57%
S04E21Womb Raider
57%
S03E12Wrestling with Demons
57%
S08E1412 Angry Zen
43%
S05E08A Witch in Time
43%
S05E02A Witch's Tail Part 2
43%
S05E16Baby's First Demon
43%
S08E08Battle of the Hexes
43%
S03E11Blinded by the Whitelighter
43%
S07E14Carpe Demon
43%
S05E12Centennial Charmed
43%
S07E13Charmageddon
43%
S07E04Charrrmed
43%
S07E03Cheaper by the Coven
43%
S06E11Chris-Crossed
43%
S03E09Coyote Piper
43%
S03E16Death Takes a Halliwell
43%
S08E04Desperate Housewitches
43%
S08E16Engaged and Confused
43%
S04E04Enter the Demon
43%
S01E11Feats of Clay
43%
S06E03Forget Me... Not
43%
S05E03Happily Ever After
43%
S02E10Heartbreak City
43%
S04E03Hell Hath No Fury
43%
S06E18Hyde School Reunion
43%
S06E16I Dream of Phoebe
43%
S07E18Little Box of Horrors
43%
S04E12Lost and Bound
43%
S08E02Malice in Wonderland
43%
S02E09Ms. Hellfire
43%
S04E09Muse to My Ears
43%
S05E21Necromancing the Stone
43%
S05E22Oh My Goddess Part 1
43%
S05E23Oh My Goddess Part 2
43%
S03E03Once Upon a Time
43%
S06E13Prince Charmed
43%
S02E11Reckless Abandon
43%
S08E13Repo Manor
43%
S08E05Rewitched
43%
S08E03Run Piper, Run
43%
S05E09Sam, I Am
43%
S05E14Sand Francisco Dreamin'
43%
S02E05She's a Man, Baby, a Man!
43%
S07E15Show Ghouls
43%
S03E05Sight Unseen
43%
S05E04Siren's Song
43%
S03E08Sleuthing with the Enemy
43%
S07E22Something Wicca This Way Goes... ?
43%
S06E08Soul Survivor
43%
S06E19Spin City
43%
S07E05Styx Feet Under
43%
S07E02The Bare Witch Project
43%
S06E17The Courtship of Wyatt's Father
43%
S05E15The Day the Magic Died
43%
S04E16The Fifth Halliwell
43%
S03E01The Honeymoon's Over
43%
S05E11The Importance of Being Phoebe
43%
S08E15The Last Temptation of Christy
43%
S08E07The Lost Picture Show
43%
S02E03The Painted World
43%
S06E04The Power of Three Blondes
43%
S02E07They're Everywhere
43%
S06E01Valhalley of the Dolls Part 1
43%
S06E02Valhalley of the Dolls Part 2
43%
S08E10Vaya Con Leos
43%
S06E12Witchstock
43%
S07E01A Call to Arms
29%
S05E01A Witch's Tail Part 1
29%
S06E21A Wrong Day's Journey Into Right
29%
S05E18Cat House
29%
S07E08Charmed Noir
29%
S06E20Crimes and Witch Demeanors
29%
S07E12Extreme Makeover: World Edition
29%
S07E19Freaky Phoebe
29%
S05E13House Call
29%
S08E09Hulkus Pocus
29%
S07E20Imaginary Friends
29%
S06E23It's a Bad, Bad, Bad, Bad World Part 1
29%
S06E24It's a Bad, Bad, Bad, Bad World Part 2
29%
S06E10Little Monsters
29%
S06E05Love's a Witch
29%
S05E17Lucky Charmed
29%
S06E07My Three Witches
29%
S07E06Once in a Blue Moon
29%
S07E11Ordinary Witches
29%
S08E12Payback's a Witch
29%
S07E17Scry Hard
29%
S05E20Sense and Sense Ability
29%
S07E07Someone to Witch Over Me
29%
S08E01Still Charmed and Kicking
29%
S06E09Sword and the City
29%
S08E19The Jung and the Restless
29%
S06E14Used Karma
29%
S01E18When Bad Warlocks Turn Good
29%
S07E10Witchness Protection
29%
S06E22Witch Wars
29%
S05E10Y Tu Mummy Tambien
29%
S05E19Nymphs Just Wanna Have Fun
14%
S06E15Th Legend of Sleepy Halliwell
14%
S04E18Bie Me
0%
S07E21Death Beocmes Them
0%
S01E05Dream Sorceror
0%
S08E11Mr. & Mrs. Witch
0%
S07E09There's Somehing About Leo
0%
S04E22Wicth Way Now?
0%

Score Distribution

Percentile by Number Answered

Percent of People with Each Score

Your Score History

You have not taken this quiz